000 00422nmm a2200145Ia 4500
008 251105s9999||||xx |||||||||||||||||und||
041 _aspa
100 _aFernández de la A., P. Rafael
245 0 _aNuestro estilo de vida
264 _a[Santiago de Chile, Chile] :
_bNueva Patris,
_c2007
300 _a136 páginas
650 _aReligion(s)
856 _uhttps://public.digitaliapublishing.com/a/28711
942 _cCF
999 _c104248
_d104248